Les coalitions et les grèves d'après l'histoire et l'économie politique avec un appendice de lois de divers pays (Record no. 165447)
[ view plain ]
| 000 -LEADER | |
|---|---|
| campo de control de longitud fija | 00814nam a22002055i 4500 |
| 001 - NÚMERO DE CONTROL | |
| campo de control | 165447 |
| 003 - IDENTIFICADOR DE NÚMERO DE CONTROL | |
| campo de control | ES-MaACL |
| 005 - FECHA Y HORA DE LA ÚLTIMA TRANSACCIÓN | |
| campo de control | 20250721062643.0 |
| 008 - DATOS DE LONGITUD FIJA--INFORMACIÓN GENERAL | |
| campo de control de longitud fija | 010723s1885 fr |||| | fre d |
| 040 ## - FUENTE DE CATALOGACIÓN | |
| Centro catalogador/agencia de origen | CCPB | B |
| Lengua de catalogación | spa |
| Centro/agencia transcriptor | CCPB | B |
| 100 1# - ENTRADA PRINCIPAL--NOMBRE DE PERSONA | |
| Nombre de persona | Smith, L. |
| 9 (RLIN) | 132784 |
| 245 14 - MENCIÓN DEL TÍTULO | |
| Título | Les coalitions et les grèves d'après l'histoire et l'économie politique avec un appendice de lois de divers pays |
| Resto del título | : prix Rossi de 1885 à l'Académie des sciences morales et politiques / |
| Mención de responsabilidad, etc. | par L. Smith. |
| 260 ## - PUBLICACIÓN, DISTRIBUCIÓN, ETC. | |
| Lugar de publicación, distribución, etc. | Paris : |
| Nombre del editor, distribuidor, etc. | Guillaumin et C\pie\s, éditeurs, |
| Fecha de publicación, distribución, etc. | [s.a.] ( |
| Lugar de fabricación/manufactura | Crété) : |
| Fabricante | Corbeil Typ. et stér.) |
| 300 ## - DESCRIPCIÓN FÍSICA | |
| Extensión | IV, 288 p. ; |
| Dimensiones | 22 cm. |
| 650 #7 - PUNTO DE ACCESO ADICIONAL DE MATERIA--TÉRMINO DE MATERIA | |
| Término de materia o nombre geográfico como elemento de entrada | Economía |
| Fuente del encabezamiento o término | embne |
| 9 (RLIN) | 12006 |
| 752 ## - ENTRADA AGREGADA--NOMBRE JERÁRQUICO DEL LUGAR | |
| País o entidad superior | Francia - |
| Ciudad | París |
| 752 ## - ENTRADA AGREGADA--NOMBRE JERÁRQUICO DEL LUGAR | |
| País o entidad superior | Francia - |
| Ciudad | Corbeil |
| 852 ## - LOCALIZACIÓN | |
| Ubicación | ES-MaACL |
| Número de control de estantería | F-4062 |
| Nota libre | -- Enc. hol. |
| Estatus retirado | Estado de pérdida | Estado de daño | No para préstamo | Biblioteca de origen | Biblioteca actual | Ubicación en estantería | Fecha de adquisición | Fuente de adquisición | Total de préstamos | Signatura topográfica completa | Código de barras | Visto por última vez | Precio de reemplazo | Tipo de ítem Koha |
|---|---|---|---|---|---|---|---|---|---|---|---|---|---|---|
| Biblioteca del Ateneo de Madrid | Biblioteca del Ateneo de Madrid | Depósito 2 | 17/01/2008 | F-4062 | 1173492 | 23/02/2023 | 23/02/2023 | Libro impreso |
